Can you guess these red fruits by picture? - Statistics

General Stats
  • This quiz has been taken 68 times
    19 since last reset
  • The average score is 8 of 10
Answer Stats
Picture Answer % Correct
Cherry
100%
Dragon fruit
94%
Apple
88%
Pomegranate
88%
Raspberry
88%
Strawberry
88%
Tomato
88%
Cranberry
75%
Lychee
75%
Rambutan
31%
No matching quizzes found
Score Distribution
Percent of People with Each Score
Percentile by Number Answered
Your Score History
You have not taken this quiz since the last reset